[Event "Alcorcon Spring op-B 1st"]
[White "Ruiz Escobar, Israel"]
[Black "Municio Zuniga, Jose"]
[Site "Alcorcon"]
[Round "7"]
[Result "0-1"]
[Date "2019.05.12"]
[WhiteElo "1740"]
[BlackElo "1535"]
[PlyCount "132"]
[EventDate "2019.03.24"]
[EventType "swiss"]
[EventRounds "9"]
[EventCountry "ESP"]
[SourceTitle "EXT 2020"]
[Source "ChessBase"]
[SourceDate "2019.10.17"]
[SourceVersion "1"]
[SourceVersionDate "2019.10.17"]
[SourceQuality "1"]

1. d4 Nf6 2. Nc3 g6 3. Bf4 Bg7 4. e3 0-0 5. Be2 d6 6. Nf3 Nh5 7. Bg5 h6 8. Bh4 g5 9. Nd2 gxh4 10. Bxh5 e5 11. d5 f5 12. Nb3 Qg5 13. Rg1 Nd7 14. Be2 a5 15. Nb5 Qd8 16. a4 Nf6 17. Nc3 c6 18. Bc4 Kh8 19. Qd2 b5 20. axb5 cxb5 21. Bxb5 Qb6 22. Bc6 Bb7 23. Bxb7 Qxb7 24. Ra4 e4 25. g3 h3 26. Kd1 Ng4 27. Rh1 Ne5 28. Qe2 Nf3 29. Qb5 Qc7 30. Qc6 Rfc8 31. Qxc7 Rxc7 32. Nb5 Rd7 33. N3d4 Rb8 34. b3 Be5 35. Nxf3 Rxb5 36. Nxe5 dxe5 37. c4 Rxb3 38. Kc2 Rdb7 39. Ra2 a4 40. d6 R3b4 41. Kc3 Rb3+ 42. Kd2 Rd3+ 43. Kc2 Rxd6 44. Rxa4 Kg7 45. Rha1 Kf6 46. Ra6 Rdb6 47. c5 Rxa6 48. Rxa6+ Kg5 49. Rb6 Rc7 50. c6 f4 51. Kc3 fxg3 52. fxg3 Kg4 53. Kc4 Kf3 54. Kd5 Kxe3 55. Rb3+ Kd2 56. Kd6 Rxc6+ 57. Kxc6 e3 58. Kd6 e2 59. Rb2+ Ke3 60. Rb4 e1Q 61. Re4+ Kf2 62. Rxe1 Kxe1 63. Kxe5 Kf2 64. Kf4 Kg2 65. g4 Kxh2 66. Kf3 Kg1 0-1

[Event "Madrid San Viator op-B 30th"]
[White "Municio Zuniga, Jose"]
[Black "Moreno Gallardo, Sergio"]
[Site "Madrid"]
[Round "4"]
[Result "1-0"]
[Date "2018.05.06"]
[WhiteElo "1517"]
[BlackElo "1181"]
[PlyCount "67"]
[EventDate "2018.04.08"]
[EventType "swiss"]
[EventRounds "9"]
[EventCountry "ESP"]
[SourceTitle "EXT 2019"]
[Source "ChessBase"]
[SourceDate "2018.10.10"]
[SourceVersion "1"]
[SourceVersionDate "2018.10.10"]
[SourceQuality "1"]

1. d4 d5 2. Nf3 Nf6 3. e3 e6 4. c4 c6 5. Nbd2 Nbd7 6. b3 b6 7. Bb2 c5 8. Bd3 Bb7 9. 0-0 Bd6 10. cxd5 exd5 11. Ne5 Ne4 12. Nxe4 dxe4 13. Bc4 0-0 14. Qg4 Nf6 15. Qe2 Nd7 16. Rac1 Qe7 17. Nxd7 Qxd7 18. Rfd1 Qe7 19. dxc5 Bxc5 20. Qg4 g6 21. Qf4 Rfd8 22. Bf6 Rxd1+ 23. Rxd1 Qf8 24. Rd7 Be7 25. Bxe7 Qg7 26. Bf6 Qf8 27. Rxb7 Rc8 28. Rxf7 Qxf7 29. Bxf7+ Kxf7 30. Bd4+ Kg8 31. h3 Rf8 32. Qe5 Rf6 33. Qxf6 h6 34. Qg7# 1-0

[Event "Madrid-chT 1718"]
[White "Spitzer Isbert, Ramon"]
[Black "Municio Zuniga, Jose"]
[Site "Madrid"]
[Round "14.46"]
[Result "1-0"]
[Date "2018.03.18"]
[WhiteElo "2018"]
[BlackElo "1506"]
[PlyCount "91"]
[EventDate "2017.11.19"]
[EventType "team-tourn"]
[EventRounds "14"]
[EventCountry "ESP"]
[SourceTitle "EXT 2019"]
[Source "ChessBase"]
[SourceDate "2018.10.10"]
[SourceVersion "1"]
[SourceVersionDate "2018.10.10"]
[SourceQuality "1"]
[WhiteTeam "Liberty Chess"]
[BlackTeam "Virgen de Atocha"]
[WhiteTeamCountry "ESP"]
[BlackTeamCountry "ESP"]

1. Nf3 Nf6 2. b3 g6 3. Bb2 Bg7 4. e3 c5 5. Be2 0-0 6. 0-0 Nc6 7. c4 d6 8. d3 Re8 9. Nbd2 Qc7 10. Re1 Bd7 11. Nf1 Rad8 12. h3 e6 13. Qc1 Ne7 14. e4 e5 15. Ne3 b5 16. Bf1 Rb8 17. Qc2 a6 18. g3 Nc6 19. Nd5 Nxd5 20. cxd5 Ne7 21. d4 f5 22. dxe5 dxe5 23. Rad1 Qd6 24. Nd2 Rbc8 25. Qc1 Rf8 26. Qa1 f4 27. g4 Rce8 28. Nf3 Nc8 29. a4 Nb6 30. a5 Nc8 31. Rc1 Na7 32. Rc2 b4 33. Rec1 Nb5 34. Bxb5 Bxb5 35. Rxc5 Bd3 36. Ng5 f3 37. Ne6 Rf7 38. Rc8 Rfe7 39. R1c6 Qd7 40. R8c7 Qxc6 41. Rxc6 Bxe4 42. Rc7 Bxd5 43. Rxe7 Rxe7 44. Nxg7 Bxb3 45. Bxe5 Bc2 46. Qd4 1-0